Analysis of recombination rate in female and male gametogenesis in pearl millet (Pennisetum glaucum) using RFLP markers (Record no. 54242)

MARC details
000 -LEADER
fixed length control field 00396nam a2200121Ia 4500
100 ## - MAIN ENTRY--AUTHOR NAME
Personal name Busso C S
245 #0 - TITLE STATEMENT
Title Analysis of recombination rate in female and male gametogenesis in pearl millet (Pennisetum glaucum) using RFLP markers
260 ## - PUBLICATION, DISTRIBUTION, ETC. (IMPRINT)
Name of publisher Theoretical and Applied Genetics
Year of publication 1995
300 ## - PHYSICAL DESCRIPTION
Number of Pages 242-246
650 ## - SUBJECT ADDED ENTRY--TOPICAL TERM
Topical Term RFLP
942 ## - ADDED ENTRY ELEMENTS (KOHA)
Koha item type Journals
Holdings
Withdrawn status Lost status Damaged status Not for loan Home library Current library Date acquired Serial Enumeration / chronology Koha item type
      Journals RRII Library RRII Library 17/12/2021 Volume 90, Issue 2 Journals